| 000 | 00815nam a22002057a 4500 | ||
|---|---|---|---|
| 999 |
_c2414 _d2414 |
||
| 003 | AR-CdUCM | ||
| 008 | 190304b ||||| |||| 00| 0 eng d | ||
| 040 |
_aMUNICIPALIDAD PROVINCIAL DEL CUSCO _cBIBLIOTECA MUNICIPAL DEL CUSCO |
||
| 082 |
_a390/ _bC21 |
||
| 100 |
_aAlvarez Callañaupa, Nilda _98668 |
||
| 245 |
_aTejiendo en los Andes del Perú : _bSoñando diseños, Tejiendo recuerdos / |
||
| 260 |
_aCusco : _bAsian Pacific Offset LTD , _c2009. |
||
| 300 |
_a111 páginas ; _c23 cm. |
||
| 505 | _aContenido: El proceso del Tejido -- Desarrollo y evolucion de los Tejidos -- Prendas de uso comun en el vestido tradicional -- Vestimenta de la Mujer Andina... | ||
| 650 |
_aTextileria Andina _98669 |
||
| 650 |
_aVestimenta Incaica _98670 |
||
| 650 |
_aTejido Andino _98671 |
||
| 942 |
_2ddc _cLIBROS |
||
| 945 | _artm | ||